| 000 | 00966 a2200289 4500 | ||
|---|---|---|---|
| 001 | 200128631 | ||
| 999 |
_c200128631 _d20391 |
||
| 003 | TR-AnTOB | ||
| 005 | 20200211151651.0 | ||
| 008 | 130326s2008 tu 000 0 | ||
| 020 | _a9789944031035 | ||
| 035 | _a200128631 | ||
| 040 | _aTR-AnTOB | ||
| 041 | _atur | ||
| 050 | 0 | 0 |
_aKKX3628 _b.K39 2008 |
| 090 | _aKKX3628 .K39 2008 | ||
| 100 | 1 |
_aKayhan, Mehmet _945633 |
|
| 245 | 1 | 0 |
_aAçıklamalı ve en son içtihatlı katma değer vergisi kanununda kaçakçılık / _cMehmet Kayhan. |
| 246 | 3 | 0 | _aKatma değer vergisi kanununda kaçakçılık. |
| 264 | 1 |
_aİstanbul: _bdiyanet vakfı, _c2008. |
|
| 300 |
_a77, [39] p. ; _c24 cm. |
||
| 650 | 0 |
_aKatma değer vergisi _xHukuk ve mevzuat _zTürkiye _986923 |
|
| 650 | 0 |
_aKatma değer vergisi _xHukuk ve mevzuat _zTürkiye _986923 |
|
| 650 | 0 |
_aKaçakçılık _xHukuk ve mevzuat _zTürkiye _950680 |
|
| 650 | 0 |
_aSmuggling _xLaw and legislation _zTurkey _950681 |
|
| 942 | _cBK | ||